Statistics for Svenska förbundskaptener i fotboll (herr)

Click here to take the quiz!

General Stats

  • This quiz has been taken 23 times
  • The average score is 5 of 12

Answer Stats

ÅrNamn% Correct
2016-Jan Andersson
100%
2009-2016Erik Hamrén
83%
2004-2009Lars Lagerbäck
70%
1990-1990Nils Andersson
70%
2000-2004Tommy Söderberg och Lars Lagerbäck
70%
1991-1997Tommy Svensson
39%
1971-1979Georg Ericson
17%
1986-1990Olle Nordin
17%
1998-1999Tommy Söderberg
17%
1980-1985Lars Arnesson
9%
1966-1970Orvar Bergmark
9%
1962-1965Lennart Nyman
0%

Score Distribution

Percentile by Number Answered

Percent of People with Each Score

Your Score History

You have not taken this quiz